书目信息 |
| 题名: |
动画概论
|
|
| 作者: | 陈闯 著 | |
| 分册: | ||
| 出版信息: | 南昌 江西美术出版社 2018.12 |
|
| 页数: | 261页 | |
| 开本: | 20cm | |
| 丛书名: | ||
| 单 册: | ||
| 中图分类: | J218.7 | |
| 科图分类: | ||
| 主题词: | 绘画--技法(美术) | |
| 电子资源: | ||
| ISBN: | 978-7-5480-6610-1 | |
| 000 | 00534nam0 2200193 45 | |
| 001 | 2061168756 | |
| 005 | 20201102170107.42 | |
| 010 | @a978-7-5480-6610-1@dRMB 68.00 | |
| 100 | @a20201102d2018 km y0chiy0120 ea | |
| 101 | 0 | @achi |
| 102 | @aCN | |
| 200 | 1 | @a动画概论@Adong hua gai lun@f陈闯等著@Fchen chuang deng zhu |
| 210 | @a南昌@c江西美术出版社@d2018.12 | |
| 215 | @a261页@d20cm | |
| 606 | 0 | @a绘画@x技法(美术) |
| 690 | @aJ218.7@v4 | |
| 701 | 0 | @a陈闯@Achen chuang@4著 |
| 801 | 0 | @aCN@bPFT@c20201102 |
| 905 | @a10447@dJ218.7@eC382 | |
| 动画概论/陈闯等著.-南昌:江西美术出版社,2018.12 |
| 261页;20cm |
| ISBN 978-7-5480-6610-1:RMB 68.00 |
| ● |
| 相关链接 |
|
|
|
正题名:动画概论
索取号:J218.7/C382
 
预约/预借
| 序号 | 登录号 | 条形码 | 馆藏地/架位号 | 状态 | 备注 |
| 1 | 1501705 | 215017050 | 社科库309/309社科库 73排3列4层/ [索取号:J218.7/C382] | 在馆 |